| 000 | 00364nam a2200133Ia 4500 | ||
|---|---|---|---|
| 005 | 20251222144654.0 | ||
| 008 | 251222s9999||||xx |||||||||||||| ||spa|| | ||
| 020 | _a84-7434-521-9 | ||
| 082 | _a658.408/E96 | ||
| 100 | _aEvan, Harry Z. | ||
| 245 | 0 | _aLos Empleadores y el Reto del Medio Ambiente | |
| 264 | _bMinisterio de Trabajo y Seguridad Social | ||
| 942 | _cLIB | ||
| 999 |
_c17184 _d17184 |
||